Marvel Trivia - Statistics

General Stats
  • This quiz has been taken 161 times
  • The average score is 9 of 13
Answer Stats
Question Answer % Correct
Who is Spiderman's aunt? Aunt May
97%
Who was Steve Rogers love interest before going into the ice? Peggy Carter
93%
Who is the director of SHIELD? Nick Fury
92%
What is the name of Tony Stark's father? Howard
89%
Who is the King of Wakanda? T'challa
89%
How many years was Captain Steve Rogers in ice? 70
84%
Who has mind-controlling powers? Scarlet Witch
83%
Who is Captain America's best friend? Bucky Barnes
82%
Who is the assistant to the director of SHIELD? Maria Hill
65%
Who is Peggy Carter's niece? Sharon
65%
Where was Natasha Romanoff trained? the Red Room
60%
In Agent Carter, where does Peggy work? SSR
11%
Who died in the very last episode of Agent Carter? Chief Thompson
4%
No matching quizzes found
Score Distribution
Percent of People with Each Score
Percentile by Number Answered
Your Score History
You have not taken this quiz